Voting may be habit - forming: evidence from a randomized field experiment /Yale Universidad. Department of Political Science
Guardat en:
| Autor principal: | |
|---|---|
| Autor corporatiu: | , |
| Altres autors: | |
| Format: | Text |
| Matèries: | |
| Etiquetes: |
Afegir etiqueta
Sense etiquetes, Sigues el primer a etiquetar aquest registre!
|
MARC
| LEADER | 00000 a a2200000 04500 | ||
|---|---|---|---|
| 001 | 29344 | ||
| 003 | |||
| 040 | |||
| 090 | |a 191900 | ||
| 100 | |a Gerber, Alan S. | ||
| 110 | |a Yale Universidad. Department of Political Science | ||
| 245 | |a Voting may be habit - forming: evidence from a randomized field experiment /Yale Universidad. Department of Political Science | ||
| 300 | |a pp. 530-550 | ||
| 500 | |a Separata de American Journal of Political Science, vol. 47, n° 3 | ||
| 650 | |a ELECCIONES | ||
| 650 | |a ANALISIS DE DATOS | ||
| 650 | |a ANALISIS DE LA INFORMACION | ||
| 650 | |a ANALISIS ESTADISTICO | ||
| 650 | |a ANALISIS POLITICO | ||
| 650 | |a ANALISIS SOCIOLOGICO | ||
| 650 | |a COMPORTAMIENTO | ||
| 650 | |a ELECCIONES | ||
| 700 | |a Green, Donal P. |a Shachar, Ron | ||
| 710 | |a Tel Aviv University | ||
| 999 | |c 9224 |d 9224 | ||
